Dau al Set (Record no. 179225)

MARC details
000 -LEADER
campo de control de longitud fija 01233nam a2200265 i 4500
001 - NÚMERO DE CONTROL
campo de control 179225
003 - IDENTIFICADOR DE NÚMERO DE CONTROL
campo de control ES-MaACL
005 - FECHA Y HORA DE LA ÚLTIMA TRANSACCIÓN
campo de control 20230917185621.0
008 - DATOS DE LONGITUD FIJA--INFORMACIÓN GENERAL
campo de control de longitud fija 111010s20082010sp ap |||| |dspa d
020 ## - NÚMERO INTERNACIONAL ESTÁNDAR DEL LIBRO
Número Internacional Estándar del Libro 978-84-8324-283-4
080 ## - NÚMERO DE LA CLASIFICACIÓN DECIMAL UNIVERSAL
Número de la Clasificación Decimal Universal 7 Dau al Set
080 ## - NÚMERO DE LA CLASIFICACIÓN DECIMAL UNIVERSAL
Número de la Clasificación Decimal Universal 821.134.1"19"(082.2)
245 00 - MENCIÓN DEL TÍTULO
Título Dau al Set
Resto del título : Joan Brossa, Juan Eduardo Cirlot, Modest Cuixart, Joan Ponç, Arnau Puig, Antoni Tàpies, Joan-Josep Tharrats : Madrid, Museo de Arte Contemporáneo ... del 4 de febrero al 28 de marzo de 2010 /
Mención de responsabilidad, etc. [comisariado, Concepción Gómez González ; textos, Concepción Gómez González ... et al.].
260 ## - PUBLICACIÓN, DISTRIBUCIÓN, ETC.
Lugar de publicación, distribución, etc. Madrid :
Nombre del editor, distribuidor, etc. Museo de Arte Contemporáneo,
Fecha de publicación, distribución, etc. [D.L. 2008]
-- , [2010]
300 ## - DESCRIPCIÓN FÍSICA
Extensión 121 p :
Otras características físicas il. col. ;
Dimensiones 28 cm.
610 24 - PUNTO DE ACCESO ADICIONAL DE MATERIA--NOMBRE DE ENTIDAD CORPORATIVA
Nombre de entidad corporativa o nombre de jurisdicción como elemento de entrada Dau al Set (Grupo artístico)
9 (RLIN) 148193
650 #4 - PUNTO DE ACCESO ADICIONAL DE MATERIA--TÉRMINO DE MATERIA
Término de materia o nombre geográfico como elemento de entrada Literatura catalana-
Subdivisión cronológica S.XX-
Subdivisión general Historia y crítica.
9 (RLIN) 14519
650 04 - PUNTO DE ACCESO ADICIONAL DE MATERIA--TÉRMINO DE MATERIA
Término de materia o nombre geográfico como elemento de entrada Pintura-
Subdivisión geográfica Cataluña-
Subdivisión cronológica S.XX-
Subdivisión de forma Exposiciones.
9 (RLIN) 148194
655 #7 - TERMINO DE INDIZACIÓN--GENERO/FORMA
Fuente del término tgfbne
9 (RLIN) 193628
Datos o término principal de género/forma Catálogos de exposiciones
700 1# - ENTRADA AGREGADA--NOMBRE PERSONAL
Nombre de persona Gómez González, Concepción.
9 (RLIN) 148192
710 2# - ENTRADA AGREGADA--NOMBRE DE ENTIDAD CORPORATIVA
Nombre de entidad corporativa o nombre de jurisdicción como elemento de entrada Museo de Arte Contemporáneo (Madrid)
9 (RLIN) 5891
852 ## - LOCALIZACIÓN
Ubicación ES-MaACL
Número de control de estantería A-11611
itemnumber 186105
Sublocalización o colección R.145912
Ubicación en estantería Depósito 1
Signatura antigua Olim: N-4616
942 ## - ELEMENTOS DE ENTRADA SECUNDARIOS (KOHA)
Fuente del sistema de clasificación o colocación Clasificación decimal universal
Tipo de ítem Koha Libro impreso
Holdings
Estatus retirado Estado de pérdida Fuente del sistema de clasificación o colocación Estado de daño No para préstamo Biblioteca de origen Biblioteca actual Ubicación en estantería Fecha de adquisición Fuente de adquisición Total de préstamos Signatura topográfica completa Código de barras Visto por última vez Precio de reemplazo Tipo de ítem Koha
    Clasificación decimal universal     Biblioteca del Ateneo de Madrid Biblioteca del Ateneo de Madrid Depósito 1 10/10/2011 Donación   A-11611 1188273 23/02/2023 23/02/2023 Libro impreso